书目信息 |
| 题名: |
世纪豪赌
|
|
| 作者: | 王文华 , 毛元佑 编著 | |
| 分册: | ||
| 出版信息: | 北京 军事科学出版社 2000.01 |
|
| 页数: | 375页 | |
| 开本: | 32开 | |
| 丛书名: | ||
| 单 册: | ||
| 中图分类: | K143 | |
| 科图分类: | ||
| 主题词: | 世界史:近代史 | |
| 电子资源: | ||
| ISBN: | 7-80137-325-1 | |
| 000 | 00582nam0 2200205 45 | |
| 001 | 0010251073 | |
| 005 | 20001025100839.3 | |
| 010 | @a7-80137-325-1@d20.00元 | |
| 100 | @a20001025d2000 km y0chiy0120 ea | |
| 101 | 0 | @achi |
| 105 | @a z 000yy | |
| 200 | 1 | @a世纪豪赌@AShi Ji Hao Du@f王文华,毛元佑编著@FWang Wen Hua,Mao Yuan You Bian Zhu |
| 210 | @a北京@c军事科学出版社@d2000.01 | |
| 215 | @a375页@d32开 | |
| 606 | 0 | @a世界史:近代史 |
| 690 | @aK143@v3 | |
| 701 | 0 | @a王文华@4编著 |
| 701 | 0 | @a毛元佑@4编著 |
| 801 | @aCN@bPftUser@c20001025 | |
| 905 | @b187785-787@dK143@eW333@f3 | |
| 世纪豪赌/王文华,毛元佑编著.-北京:军事科学出版社,2000.01 |
| 375页;32开 |
| ISBN 7-80137-325-1:20.00元 |
| ● |
| 相关链接 |
|
|
|
正题名:世纪豪赌
索取号:K143/W333
 
预约/预借
| 序号 | 登录号 | 条形码 | 馆藏地/架位号 | 状态 | 备注 |
| 1 | 187785 | 201877852 | 社科库309/309社科库 105排1列2层/ [索取号:K143/W333] | 在馆 | |
| 2 | 187786 | 201877861 | 社科库309/309社科库 105排1列2层/ [索取号:K143/W333] | 在馆 | |
| 3 | 187787 | 201877870 | 自科二线404/ [索取号:K143/W333] | 在馆 |